Patinoire Des clubs Suisses de Hockey - Statistiques

Statistiques générales
  • Ce quiz a été pris 298 fois
  • Le résultat moyen est 16 sur 24
Statistiques - réponses
Hint Réponse % Correct
BCF Arena Fribourg
98%
PostFinance Arena Berne
96%
Vaudoise Arena Lausanne
96%
Swiss Life Arena Zurich
96%
Les Vernets Geneve
94%
Corner Arena Lugano
92%
Tissot Arena Bienne
88%
Gottardo Arena Ambri
86%
Raiffeisen Arena Ajoie
85%
Bossard Arena Zoug
84%
Eisstadion Davos
74%
Ilfishalle Langnau
73%
St-Galler KantonalBank Arena Rapperswil
73%
Stimo Arena Kloten
72%
Patinoire de Graben Sierre
59%
Lonza Arena Viège
57%
Patinoire des Mélèzes Chaux-de-Fonds
54%
Eisbahn Kleinholz Olten
53%
Patinoire Margarethen Bâle
49%
Patinoire du Forum Martigny
46%
Centro Sportivo Bellinzone
40%
Güttingersreuti Thurgovie
34%
KEK Küsnacht Grasshopper
17%
Zielbau Arena Winterthour
15%
Aucun quiz correspondant
Distribution des résultats
% des personnes avec chaque résultat
Percentile par nombre de réponses
Votre historique - résultats
Vous n’avez pas pris ce quiz